Operátory zmiešavania a ich aplikácie v teórii užitočnosti

Salvato in:
Dettagli Bibliografici
Autore principale: Špirková, Jana (Autore)
Altri autori: (Relatore della tesi)
Natura: Manoscritto Libro
Lingua:slovacco
Pubblicazione: 2015
Soggetti:
Accesso online:http://is.stuba.sk/zp/portal_zp.pl?podrobnosti_zp=52454
Tags: Aggiungi Tag
Nessun Tag, puoi essere il primo ad aggiungerne!!

MARC

LEADER 00000ntm a22000003a 4500
001 stuzp52454
003 SK-STU
005 20160715123108.9
007 ta
008 150427s2015----xo-----f-mn---000-0-slo-d
040 |a STU  |b slo 
041 0 |a slo 
100 1 |a Špirková, Jana  |u 01  |4 aut  |X null  |U 01  |Y 01  |7 null 
242 0 1 |a Mixture operators and their applications in utility theory  |y eng 
245 1 0 |a Operátory zmiešavania a ich aplikácie v teórii užitočnosti 
260 |c 2015 
650 4 |a Aplikácie  |2 slo 
650 4 |a Operátor zmiešavania  |2 slo 
650 4 |a Funkcia užitočnosti  |2 slo 
650 4 |a Mixture operator  |2 eng 
650 4 |a Utility function  |2 eng 
650 4 |a Applications  |2 eng 
700 1 |a ,  |4 ths  |X null  |7 null 
856 4 |u http://is.stuba.sk/zp/portal_zp.pl?podrobnosti_zp=52454 
SQL |a stuzp52454  |b DHP  |c SLO  |d Operátory zmiešavania a ich aplikácie v teórii užitočnosti  |e null  |f Špirková, Jana  |g 01  |h null  |i ,   |j 20151005  |k null  |l 01  |m http://is.stuba.sk/zp/portal_zp.pl?podrobnosti_zp=52454